000 00337nam a2200145Ia 4500
005 20251222143134.0
008 251222s9999||||xx |||||||||||||| ||spa||
020 _a84-7112-411-4
082 _a370.193.41/C76
100 _aConnell, R.W.
245 0 _aEscuelas y Justicia Social
250 _a2a.ed.
264 _bMorata
942 _cLIB
999 _c12049
_d12049